000 01180nam a2200325 i 4500
003 EG-GICUC
005 20260121101538.0
008 251224s1986 ua ||||fr||| 0||| ||ara|d
017 _a19865008
040 _a EG-GICUC
_bara
_c EG-GICUC
_d EG-GICUC
_erda
041 0 _aara
082 0 4 _221
_a345.458
_bم ح . ن
092 0 4 _221
099 _aLaw1 07 345.458 م ح . ن 1 ed - 1986
100 0 _aمحمود صالح العادلي
_eمؤلف.
245 1 2 _aالنيابة الإدارية في مفترق الطرق /
_cمحمود صالح العادلي.
250 _aالطبعة الاولى
264 1 _aالقاهرة :
_bدار الكتاب الجامعي,
_c1986
300 _a207 صفحة ;
_c24 سم.
336 _2rda content
_atext
337 _2rda media
_aComputer
338 _2rda carrier
_aOnline Resource
504 _aيحتوي على ارجاعات ببليوجرافية
546 _aالنص باللغة العربية
650 1 4 _aالنيابة الإدارية
_xالقانون الاداري
_2qrmak
651 1 _2qrmak
856 4 0 _uhttps://fll.law.cu.edu.eg/fulltext/bks/B07-01873.pdf
905 _a75
942 _2ddc
_cBK
_e21
_n0
999 _c52506
_d52506